| 000 | 00537nam a22001937a 4500 | ||
|---|---|---|---|
| 003 | NUST - PNEC | ||
| 005 | 20170116180824.0 | ||
| 008 | 150630b xxu||||| |||| 00| 0 eng d | ||
| 020 | _a8120314972 | ||
| 040 | _cLIBRARY | ||
| 082 | _a515.35 AHS | ||
| 100 |
_94266 _aAhsan, Zafar |
||
| 245 |
_aDifferential equations and their applications _cZafar Ahsan |
||
| 250 | _a- | ||
| 260 |
_aNew Delhi _bPrentice-Hall of India Private Limited _cc1999. |
||
| 300 | _a442 p. : | ||
| 650 |
_94270 _aDifferential Equations _xME |
||
| 942 |
_2ddc _cBK |
||
| 999 |
_c63833 _d63833 |
||